| 000 | 00710nam a2200205 a 4500 | ||
|---|---|---|---|
| 005 | 20240127063550.0 | ||
| 008 | 020827m19932003mx r 000 0 spa d | ||
| 035 | _aUPN01000118636 | ||
| 049 | _aCG | ||
| 050 | 4 |
_aHQ796 _bH5.28 |
|
| 100 | 1 |
_aHipp, Earl, _d1944- |
|
| 245 | 1 | 1 |
_a¿Disfrutas tu vida? : _baprende a manejar las tensiones y preocupaciones para ser feliz / _cEarl Hipp. |
| 260 |
_aMéxico : _bPax-México, _cc1993 (2003 impr.). |
||
| 300 |
_a115 p. : _bil. |
||
| 534 |
_pTraducción de: _tFighting invisible tigers : a stress management guide for teens. |
||
| 650 | 4 |
_aJUVENTUD - _zESTADOS UNIDOS |
|
| 650 | 2 |
_aEstrés (psicología) _96597 |
|
| 650 | 4 |
_aTENSION (PSICOLOGIA) _96628 |
|
| 905 | _aLibro | ||
| 999 |
_c91002 _d91002 |
||